Six Caprices pour Violoncelle avec accompagnement de Bass (Record no. 28948)

000 -LEADER
fixed length control field 00623nam a22002057a 4500
003 - CONTROL NUMBER IDENTIFIER
control field OSt
005 - DATE AND TIME OF LATEST TRANSACTION
control field 20260428092657.0
008 - FIXED-LENGTH DATA ELEMENTS--GENERAL INFORMATION
fixed length control field 260428b ||||| |||| 00| 0 eng d
040 ## - CATALOGING SOURCE
Original cataloging agency BSHUA
Language of cataloging Shqip
050 ## - LIBRARY OF CONGRESS CALL NUMBER
Item number 787.3/Ser.
082 ## - DEWEY DECIMAL CLASSIFICATION NUMBER
Item number 787.3/Ser.
100 ## - MAIN ENTRY--PERSONAL NAME
Personal name Servais, A. F.
245 ## - TITLE STATEMENT
Title Six Caprices pour Violoncelle avec accompagnement de Bass
260 ## - PUBLICATION, DISTRIBUTION, ETC. (IMPRINT)
Place of publication, distribution, etc Paris:
Name of publisher, distributor, etc Gerard Billaudot,
300 ## - PHYSICAL DESCRIPTION
Extent 2 parte
653 ## - INDEX TERM--UNCONTROLLED
Uncontrolled term Muzika boterore - Muzika belge - Muzika instrumentale - Muzike per violincel - 6 Kapricio per Celo me shoqerim Bass -
-- 2 parte
856 ## - ELECTRONIC LOCATION AND ACCESS
Link text Fulltext
942 ## - ADDED ENTRY ELEMENTS (KOHA)
Source of classification or shelving scheme
Koha item type Music Parts
953 ## - Fulltext
Is Fulltext Available Unavailable
Holdings
Withdrawn status Lost status Source of classification or shelving scheme Damaged status Not for loan Permanent Location Current Location Date acquired Cost, normal purchase price Full call number Barcode Date last seen Price effective from Koha item type
          Biblioteka e Universitetit te Arteve - Fondi i Mbyllur Biblioteka e Universitetit te Arteve - Fondi i Mbyllur 2026-04-28 300.00 787.3/Ser. 68510 2026-04-28 2026-04-28 Music Parts
^
Universiteti i Arteve, Tiranë
Projekt i realizuar më Tetor, 2011.
Powered by: Koha
Developed by: Erjon Sulaj